[Event "Catalunya-chT Gp1"]
[Site "Barcelona"]
[Date "2022.03.12"]
[Round "8.9"]
[White "Guerra Reig, Juan"]
[Black "Molano Lafuente, Ismael"]
[Result "0-1"]
[WhiteElo "1983"]
[BlackElo "2015"]
[PlyCount "60"]
[EventDate "2022.01.22"]
[EventType "team-tourn"]
[EventRounds "9"]
[EventCountry "ESP"]
[SourceTitle "CBM 208 Extra"]
[Source "ChessBase"]
[SourceDate "2022.07.31"]
[SourceVersion "1"]
[SourceVersionDate "2022.07.31"]
[SourceQuality "1"]
[WhiteTeam "Geva CEA"]
[BlackTeam "Barcelona Escacs CC"]
[WhiteTeamCountry "ESP"]
[BlackTeamCountry "ESP"]

1. c4 e5 2. Nc3 Nc6 3. g3 g5 4. e3 Bg7 5. h4 gxh4 6. Rxh4 Nge7 7. e4 Ng6 8. Rh2 d6 9. Bh3 Nd4 10. d3 c6 11. Nf3 Bxh3 12. Rxh3 Qd7 13. Rh2 0-0-0 14. Bh6 Bxh6 15. Rxh6 f5 16. Nxd4 exd4 17. Ne2 Qg7 18. Rh5 fxe4 19. dxe4 Rhe8 20. Qa4 Rxe4 21. Qxa7 Rde8 22. 0-0-0 Rxe2 23. Ra5 c5 24. Qb6 Qc7 25. Qb5 Qc6 26. Qb3 Rxf2 27. Qa3 Ree2 28. Rb5 Kb8 29. Qa5 Ne7 30. Rb6 Qe4 0-1

[Event "Gibraltar Masters 18th"]
[Site "Caleta"]
[Date "2020.01.27"]
[Round "7"]
[White "Guerra Reig, Juan"]
[Black "Skou, Niels"]
[Result "0-1"]
[WhiteElo "1998"]
[BlackElo "2036"]
[PlyCount "96"]
[EventDate "2020.01.21"]
[EventType "swiss"]
[EventRounds "10"]
[EventCountry "GGB"]
[SourceTitle "CBM 194 Extra"]
[Source "ChessBase"]
[SourceDate "2020.03.31"]
[SourceVersion "1"]
[SourceVersionDate "2020.03.31"]
[SourceQuality "1"]

1. c4 e5 2. Nc3 Nf6 3. g3 d5 4. cxd5 Nxd5 5. Bg2 Nb6 6. d3 Be7 7. Nf3 Nc6 8. 0-0 0-0 9. Be3 Re8 10. Rc1 Be6 11. a3 f6 12. b4 a6 13. Na4 Nd5 14. Nc5 Bxc5 15. Bxc5 Qd7 16. Qc2 Rac8 17. Nd2 b6 18. Be3 Nce7 19. Nc4 Nf5 20. Qd2 Ndxe3 21. Nxe3 Nd4 22. Qb2 Rb8 23. Rfe1 Rec8 24. Rc3 Qb5 25. Nc2 c5 26. Nxd4 exd4 27. Rc2 a5 28. bxc5 Rxc5 29. Qxb5 Rxb5 30. Rc6 Kf7 31. Rd6 Rb3 32. Ra1 Rc8 33. Rxd4 Rxa3 34. Rb1 b5 35. h4 b4 36. Bd5 Rb8 37. Bxe6+ Kxe6 38. Kf1 b3 39. Ke1 a4 40. Rc4 b2 41. Kd1 Ra1 42. Kc2 a3 43. Ra4 Kd5 44. e4+ Kc6 45. d4 Kb6 46. Rb4+ Kc7 47. Rc4+ Kd7 48. d5 Rxb1 0-1

[Event "Gibraltar Masters 18th"]
[Site "Caleta"]
[Date "2020.01.25"]
[Round "5"]
[White "Gostelow, David W"]
[Black "Guerra Reig, Juan"]
[Result "1/2-1/2"]
[WhiteElo "1901"]
[BlackElo "1998"]
[PlyCount "78"]
[EventDate "2020.01.21"]
[EventType "swiss"]
[EventRounds "10"]
[EventCountry "GGB"]
[SourceTitle "CBM 194 Extra"]
[Source "ChessBase"]
[SourceDate "2020.03.31"]
[SourceVersion "1"]
[SourceVersionDate "2020.03.31"]
[SourceQuality "1"]

1. d4 d5 2. Bf4 Bf5 3. e3 e6 4. Bd3 Bxd3 5. Qxd3 c6 6. Nd2 Bd6 7. Bg3 Nf6 8. Ngf3 0-0 9. e4 dxe4 10. Nxe4 Nxe4 11. Qxe4 h6 12. Ne5 Bxe5 13. Bxe5 Qd5 14. Qe3 Nd7 15. 0-0 Nxe5 16. Qxe5 Rfd8 17. Qxd5 Rxd5 18. c3 Rad8 19. Rac1 e5 20. dxe5 Rxe5 21. Rcd1 Rxd1 22. Rxd1 Re2 23. Rb1 Kf8 24. g3 Ke7 25. Kf1 Rc2 26. Re1+ Kd6 27. Re2 Rc1+ 28. Re1 Rxe1+ 29. Kxe1 Kd5 30. Kd2 g5 31. f3 f5 32. h3 h5 33. Kd3 b5 34. b3 a5 35. c4+ Ke5 36. cxb5 cxb5 37. a3 h4 38. gxh4 gxh4 39. Ke3 f4+ 1/2-1/2

[Event "Gibraltar Masters 18th"]
[Site "Caleta"]
[Date "2020.01.22"]
[Round "2"]
[White "Guerra Reig, Juan"]
[Black "Gvanceladze, Anna"]
[Result "0-1"]
[WhiteElo "1998"]
[BlackElo "2270"]
[PlyCount "80"]
[EventDate "2020.01.21"]
[EventType "swiss"]
[EventRounds "10"]
[EventCountry "GGB"]
[SourceTitle "CBM 194 Extra"]
[Source "ChessBase"]
[SourceDate "2020.03.31"]
[SourceVersion "1"]
[SourceVersionDate "2020.03.31"]
[SourceQuality "1"]

1. c4 e5 2. Nc3 Nf6 3. g3 Nc6 4. Bg2 Bc5 5. e3 d5 6. cxd5 Nb4 7. d3 Nbxd5 8. Nxd5 Nxd5 9. a3 0-0 10. Ne2 Be6 11. Qc2 Bb6 12. 0-0 Qd7 13. b3 Bh3 14. d4 exd4 15. Nxd4 Bxd4 16. exd4 Bxg2 17. Kxg2 Rae8 18. Bd2 Re2 19. Qd3 Qc6 20. Kg1 Re6 21. Rac1 Qd7 22. Rfe1 Rd6 23. Re4 c6 24. Rce1 f5 25. Rh4 h6 26. Kg2 Rdf6 27. f4 Rd8 28. Re5 Ne7 29. Qc4+ Kh7 30. Ra5 b6 31. Ra6 Re8 32. a4 Nd5 33. a5 b5 34. Qc5 Re2+ 35. Kh3 Rxd2 36. Rxa7 Qe6 37. Qc1 Qe2 38. Qg1 Re6 39. a6 Ne3 40. Ra8 Ng4 0-1

[Event "Catalunya-ch"]
[Site "Vila Seca"]
[Date "2019.04.20"]
[Round "5"]
[White "Guerra Reig, Juan"]
[Black "Gomez Anadon, Daniel"]
[Result "0-1"]
[WhiteElo "1996"]
[BlackElo "2271"]
[PlyCount "110"]
[EventDate "2019.04.18"]
[EventType "swiss"]
[EventRounds "8"]
[EventCountry "ESP"]
[SourceTitle "CBM 189 Extra"]
[Source "ChessBase"]
[SourceDate "2019.06.03"]
[SourceVersion "1"]
[SourceVersionDate "2019.06.03"]
[SourceQuality "1"]

1. c4 e6 2. Nc3 d5 3. cxd5 exd5 4. d4 c6 5. Nf3 Nf6 6. Bf4 Bd6 7. Bxd6 Qxd6 8. e3 Bf5 9. Bd3 Bxd3 10. Qxd3 0-0 11. 0-0 Nbd7 12. Rfe1 Rfe8 13. e4 dxe4 14. Nxe4 Nxe4 15. Rxe4 Rxe4 16. Qxe4 Nf6 17. Qc2 Re8 18. Kf1 Qb4 19. Rd1 h6 20. Rd3 Nd5 21. a3 Qd6 22. Rd2 Nf4 23. Qf5 g6 24. Qg4 Qd5 25. h4 Qe4 26. Ne5 h5 27. Qf3 Qxf3 28. Nxf3 Rd8 29. g3 Ne6 30. Ke2 Rd5 31. Kd3 f6 32. Ke3 Kg7 33. Rd3 g5 34. hxg5 fxg5 35. Rb3 Rd7 36. Rb4 Kf6 37. Ra4 a6 38. Ne5 Re7 39. f4 gxf4+ 40. gxf4 Kf5 41. Rb4 Nxf4 42. Kf3 c5 43. dxc5 Nd5 44. Rh4 Kxe5 45. Rxh5+ Kd4 46. b4 Kc4 47. Rh6 Rc7 48. Ke4 Nc3+ 49. Ke5 Nb5 50. Rh3 Nxa3 51. Rh4+ Kb5 52. Kd6 Rc6+ 53. Kd5 Rc7 54. Rg4 Nc2 55. Kd6 Rc6+ 0-1

[Event "Catalunya-chT GpB final"]
[Site "Barcelona"]
[Date "2019.03.23"]
[Round "3.7"]
[White "Pinsach Gelabert, Alexandre"]
[Black "Guerra Reig, Juan"]
[Result "0-1"]
[WhiteElo "2101"]
[BlackElo "1998"]
[PlyCount "110"]
[EventDate "2019.03.09"]
[EventType "team-tourn"]
[EventRounds "4"]
[EventCountry "ESP"]
[SourceTitle "EXT 2020"]
[Source "ChessBase"]
[SourceDate "2019.10.17"]
[SourceVersion "1"]
[SourceVersionDate "2019.10.17"]
[SourceQuality "1"]
[WhiteTeam "Figueres"]
[BlackTeam "Andorra"]
[WhiteTeamCountry "ESP"]
[BlackTeamCountry "AND"]

1. e4 c6 2. Nf3 d5 3. Nc3 e6 4. d4 f5 5. exf5 exf5 6. Ne5 Nf6 7. Bd3 Bd6 8. Bg5 0-0 9. 0-0 Qb6 10. Bxf6 Rxf6 11. Ne2 Nd7 12. Nxd7 Bxd7 13. b3 f4 14. f3 Raf8 15. c4 Qd8 16. Qe1 Rh6 17. Qf2 Qg5 18. Kh1 Qh5 19. Qg1 Be7 20. cxd5 Bh4 21. dxc6 bxc6 22. Rac1 Bg3 23. Nxg3 fxg3 24. Rc5 Qh4 25. Re1 Qf6 26. Qe3 Rxh2+ 27. Kg1 Qh4 28. Kf1 Bh3 29. Ke2 Bxg2 30. Bc4+ Kh8 31. Kd1 Bxf3+ 32. Kc1 Rh1 33. Rf5 Rxe1+ 34. Qxe1 Qd8 35. Rxf8+ Qxf8 36. Qxg3 Qa3+ 37. Kb1 Be4+ 38. Bd3 Bxd3+ 39. Qxd3 h6 40. Qg6 Qb4 41. Qe8+ Kh7 42. Qe4+ g6 43. Qe5 Qb7 44. Qf6 Qd7 45. Kb2 h5 46. a4 Kh6 47. Qf4+ Kg7 48. a5 Qe7 49. Qf3 h4 50. Qxc6 h3 51. d5 h2 52. d6 Qe5+ 53. Kc2 Qe2+ 54. Kc3 Qe1+ 55. Kd4 h1Q 0-1

[Event "Andorra op 34th"]
[Site "Escaldes"]
[Date "2016.08.07"]
[Round "5"]
[White "Guerra Reig, Juan"]
[Black "Aubry, Yannis"]
[Result "0-1"]
[WhiteElo "2019"]
[BlackElo "2269"]
[PlyCount "106"]
[EventDate "2016.08.03"]
[EventType "swiss"]
[EventRounds "9"]
[EventCountry "AND"]
[SourceTitle "CBM 173 Extra"]
[Source "ChessBase"]
[SourceDate "2016.08.29"]
[SourceVersion "1"]
[SourceVersionDate "2016.08.29"]
[SourceQuality "1"]

1. c4 Nf6 2. Nc3 g6 3. d4 Bg7 4. e4 d6 5. f4 c5 6. Nf3 cxd4 7. Nxd4 Nc6 8. Be2 Nxe4 9. Nxc6 Nxc3 10. Nxd8 Nxd1 11. Kxd1 Kxd8 12. Bf3 Rb8 13. Be3 b6 14. Kc2 Bb7 15. Bxb7 Rxb7 16. Rad1 Kd7 17. b4 Rc8 18. Kb3 Rbc7 19. Rc1 Ke8 20. Rhd1 Kf8 21. g4 f5 22. gxf5 gxf5 23. Re1 Kf7 24. Rc2 e6 25. Rec1 Bh6 26. Rd1 d5 27. c5 bxc5 28. Rxc5 Bf8 29. Rxc7+ Rxc7 30. a4 a6 31. b5 axb5 32. axb5 Rc4 33. b6 Bd6 34. Ra1 e5 35. Ra7+ Ke6 36. Rxh7 exf4 37. Bg1 f3 38. b7 Rb4+ 39. Kc3 Rb1 40. Ba7 Bb8 41. Bd4 Rc1+ 42. Kd2 Bf4+ 43. Be3 f2 44. b8Q Bxb8 45. Rh6+ Ke5 46. Bxf2 Ra1 47. Rh4 Ra2+ 48. Ke1 f4 49. Rh8 Bd6 50. h4 Ke4 51. Bb6 Bb4+ 52. Kd1 Kd3 53. Kc1 Bc3 0-1

[Event "Santa Coloma op rapid 9th"]
[Site "Santa Coloma"]
[Date "2016.06.05"]
[Round "2"]
[White "Guerra Reig, Juan"]
[Black "Vila Gazquez, Xavier"]
[Result "0-1"]
[WhiteElo "2019"]
[BlackElo "2465"]
[PlyCount "46"]
[EventDate "2016.06.05"]
[EventType "swiss (rapid)"]
[EventRounds "8"]
[EventCountry "ESP"]
[SourceTitle "CBM 172 Extra"]
[Source "ChessBase"]
[SourceDate "2016.06.21"]
[SourceVersion "1"]
[SourceVersionDate "2016.06.21"]
[SourceQuality "1"]

1. c4 e5 2. Nc3 Nf6 3. g3 Bb4 4. Bg2 0-0 5. d3 h6 6. e4 c6 7. Nge2 d5 8. 0-0 d4 9. a3 Bd6 10. Na2 a5 11. f4 b5 12. b3 bxc4 13. bxc4 Qe7 14. fxe5 Bxe5 15. Bb2 Na6 16. Kh1 Rd8 17. Ng1 Ng4 18. Qe2 Nxh2 19. Rf4 Bxf4 20. gxf4 Qh4 21. Bh3 Ng4 22. Qg2 Nf2+ 23. Kh2 Qxf4+ 0-1

[Event "Mislata op-B 48th"]
[Site "Mislata"]
[Date "2014.08.14"]
[Round "5"]
[White "Guerra Reig, Juan"]
[Black "Cebrian Flores, Juan Antonio"]
[Result "1/2-1/2"]
[WhiteElo "1975"]
[BlackElo "1995"]
[PlyCount "65"]
[EventDate "2014.08.11"]
[EventType "swiss"]
[EventRounds "9"]
[EventCountry "ESP"]
[SourceTitle "CBM 161 Extra"]
[Source "ChessBase"]
[SourceDate "2014.08.29"]
[SourceVersion "1"]
[SourceVersionDate "2014.08.29"]
[SourceQuality "1"]

1. c4 d6 2. Nc3 g6 3. d4 Bg7 4. e4 Nf6 5. f4 0-0 6. Nf3 c5 7. dxc5 Qa5 8. Bd2 Qxc5 9. b4 Qc7 10. Rc1 b6 11. Bd3 Nbd7 12. 0-0 Bb7 13. Nd5 Qd8 14. Qe2 Re8 15. Nxf6+ Bxf6 16. Bc3 e5 17. fxe5 dxe5 18. Rcd1 Qe7 19. Bc2 Rec8 20. Qd3 Nf8 21. Bb3 Rd8 22. Qe2 Qc7 23. Qb2 Re8 24. c5 Re7 25. Nxe5 Bxe5 26. Rxf7 Rxf7 27. Bxe5 Qe7 28. Rf1 Ne6 29. Rxf7 Qxf7 30. Bh8 Re8 31. Qd4 Bc8 32. c6 Qe7 33. Qf6 1/2-1/2

[Event "Mislata op-B 48th"]
[Site "Mislata"]
[Date "2014.08.13"]
[Round "4"]
[White "Tortosa Fito, Sergio"]
[Black "Guerra Reig, Juan"]
[Result "0-1"]
[WhiteElo "1934"]
[BlackElo "1975"]
[PlyCount "94"]
[EventDate "2014.08.11"]
[EventType "swiss"]
[EventRounds "9"]
[EventCountry "ESP"]
[SourceTitle "CBM 161 Extra"]
[Source "ChessBase"]
[SourceDate "2014.08.29"]
[SourceVersion "1"]
[SourceVersionDate "2014.08.29"]
[SourceQuality "1"]

1. e4 e5 2. Nf3 Nf6 3. d4 Nxe4 4. Bd3 d5 5. Nxe5 Bd6 6. 0-0 0-0 7. c4 c6 8. Nc3 Nxc3 9. bxc3 Bxe5 10. dxe5 dxc4 11. Bxc4 Qe7 12. Re1 b5 13. Bb3 Be6 14. Qd6 Qxd6 15. exd6 Re8 16. Bg5 Nd7 17. Be7 Bxb3 18. axb3 a5 19. Kf1 f6 20. Ra3 b4 21. cxb4 axb4 22. Raa1 Kf7 23. Rec1 Ra3 24. Rcb1 c5 25. Ke2 Ra2+ 26. Ke3 Rea8 27. h4 Ke6 28. g4 R8a6 29. f4 Rh2 30. h5 Rh3+ 31. Ke4 Ra3 32. f5+ Kf7 33. Kd5 Rhxb3 34. Rxb3 Rxb3 35. Kc6 Ne5+ 36. Kc7 c4 37. d7 Nxd7 38. Kxd7 Rd3+ 39. Bd6 c3 40. Re1 Rxd6+ 41. Kxd6 c2 42. Re7+ Kf8 43. Kd7 h6 44. Re8+ Kf7 45. Re7+ Kg8 46. Re8+ Kh7 47. Rc8 b3 0-1

[Event "Quart de Poblet op 2nd"]
[Site "Quart de Poblet"]
[Date "2014.07.20"]
[Round "3"]
[White "Mingarro Carceller, Sergi"]
[Black "Guerra Reig, Juan"]
[Result "1-0"]
[WhiteElo "2237"]
[BlackElo "1973"]
[PlyCount "75"]
[EventDate "2014.07.19"]
[EventType "swiss"]
[EventRounds "7"]
[EventCountry "ESP"]
[SourceTitle "CBM 161 Extra"]
[Source "ChessBase"]
[SourceDate "2014.08.29"]
[SourceVersion "1"]
[SourceVersionDate "2014.08.29"]
[SourceQuality "1"]

1. d4 d5 2. c4 e6 3. Nf3 Nf6 4. g3 Be7 5. Bg2 c6 6. 0-0 0-0 7. Qc2 Nbd7 8. Nbd2 Re8 9. e4 dxe4 10. Nxe4 Qa5 11. Bd2 Bb4 12. Nd6 Re7 13. Bxb4 Qxb4 14. c5 Ne8 15. Nc4 b5 16. Ng5 Ndf6 17. Bxc6 Bb7 18. Ne5 Qxd4 19. Ngf3 Qb4 20. a4 Ne4 21. Rfc1 f6 22. Bxb7 Rxb7 23. Nc6 Qc4 24. Qxc4 bxc4 25. Rxc4 Rc7 26. Rxe4 Rxc6 27. Rc1 e5 28. b4 Rac8 29. Rec4 Nd6 30. R4c2 Nb7 31. a5 Kf7 32. Nd2 a6 33. Nc4 Rd8 34. Nb6 Rd4 35. b5 axb5 36. a6 Nxc5 37. a7 Rd8 38. a8Q 1-0

[Event "Provincial-ch Moncofa"]
[Site "Moncofa"]
[Date "2013.10.05"]
[Round "1"]
[White "Rivera Lirio, Francisco"]
[Black "Guerra Reig, Juan"]
[Result "0-1"]
[WhiteElo "1508"]
[BlackElo "2019"]
[PlyCount "92"]
[EventDate "2013.10.05"]
[EventType "swiss"]
[EventRounds "7"]
[EventCountry "ESP"]
[SourceTitle "EXT 2024"]
[Source "ChessBase"]
[SourceDate "2023.10.10"]
[SourceVersion "1"]
[SourceVersionDate "2023.10.10"]
[SourceQuality "1"]

1. d4 d5 2. Nf3 Nf6 3. g3 c6 4. Bg2 h6 5. 0-0 Bf5 6. b3 e6 7. Bb2 Be7 8. Nbd2 0-0 9. e3 a5 10. a4 Na6 11. c3 Rc8 12. Ne5 Bd6 13. Ndf3 Ne4 14. Rc1 Qe7 15. Qe2 Rfd8 16. Rfd1 Rc7 17. Ne1 Bxe5 18. dxe5 Nec5 19. Ba3 Qg5 20. Qb2 Bg4 21. Bf3 Bxf3 22. Nxf3 Qf5 23. Ne1 Qxe5 24. b4 Nxa4 25. Qc2 Nb6 26. Nd3 Qf6 27. Bb2 Nc4 28. Ba1 Qe7 29. Qe2 a4 30. Nb2 b5 31. Rd4 c5 32. Rh4 a3 33. Nd3 Nd6 34. Nf4 Nf5 35. Rh3 e5 36. Qg4 exf4 37. Qxf5 fxe3 38. Re1 exf2+ 39. Kxf2 Qd7 40. Qh5 Rc6 41. Kg2 Re6 42. Rf1 Rde8 43. c4 Re2+ 44. Rf2 Rxf2+ 45. Kxf2 dxc4 46. Bxg7 Qd2+ 0-1

[Event "Provincial-ch Vila Real"]
[Site "Vila Real"]
[Date "2012.11.10"]
[Round "5"]
[White "Guerra Reig, Juan"]
[Black "Jordan Martinez, David"]
[Result "1/2-1/2"]
[WhiteElo "2026"]
[BlackElo "2136"]
[PlyCount "117"]
[EventDate "2012.10.06"]
[EventType "swiss"]
[EventRounds "7"]
[EventCountry "ESP"]
[SourceTitle "EXT 2024"]
[Source "ChessBase"]
[SourceDate "2023.10.10"]
[SourceVersion "1"]
[SourceVersionDate "2023.10.10"]
[SourceQuality "1"]

1. c4 Nf6 2. Nc3 g6 3. g3 Bg7 4. Bg2 0-0 5. d3 c6 6. e4 d6 7. h3 Nbd7 8. Nge2 e5 9. 0-0 Nb6 10. a4 Be6 11. a5 Nc8 12. Kh2 Ne7 13. b3 d5 14. Ba3 Re8 15. Qc1 h6 16. Bc5 b6 17. axb6 axb6 18. Rxa8 Qxa8 19. exd5 cxd5 20. Bxb6 Qb7 21. Na4 Nd7 22. c5 Rc8 23. Qa3 Ra8 24. Qb4 Nc6 25. Qd2 Ne7 26. Nec3 Qc6 27. Rb1 Nc8 28. Qd1 Ncxb6 29. cxb6 Nxb6 30. Nxb6 Qxb6 31. Qf3 Rd8 32. b4 f5 33. Na4 Qd6 34. Nc5 Bc8 35. Qd1 Kh7 36. Ra1 Qb6 37. Rb1 e4 38. d4 f4 39. Qa4 Bxd4 40. Rd1 Bxf2 41. gxf4 Bxc5 42. bxc5 Qxc5 43. Bxe4 Qf2+ 44. Bg2 Bf5 45. Qb4 Rd7 46. Rd2 Qe3 47. Qd4 Qxd4 48. Rxd4 Be6 49. Kg3 Kg7 50. Kh4 Kf6 51. Bf3 Ra7 52. Rd3 Ra5 53. Rd4 h5 54. Rd3 Ke7 55. f5 gxf5 56. Bxh5 Kf6 57. Bf3 Ke5 58. Rb3 d4 59. Rb6 1/2-1/2

[Event "Provincial-ch Vila Real"]
[Site "Vila Real"]
[Date "2012.10.06"]
[Round "1"]
[White "Core Lopez, Virginia"]
[Black "Guerra Reig, Juan"]
[Result "1/2-1/2"]
[WhiteElo "1596"]
[BlackElo "2026"]
[PlyCount "77"]
[EventDate "2012.10.06"]
[EventType "swiss"]
[EventRounds "7"]
[EventCountry "ESP"]
[SourceTitle "EXT 2024"]
[Source "ChessBase"]
[SourceDate "2023.10.10"]
[SourceVersion "1"]
[SourceVersionDate "2023.10.10"]
[SourceQuality "1"]

1. d4 c6 2. c4 d5 3. e3 Nf6 4. Nf3 Bf5 5. b3 e6 6. Bb2 Bb4+ 7. Nbd2 Ne4 8. a3 Nxd2 9. Nxd2 Bd6 10. Nf3 Nd7 11. Bd3 Bg4 12. 0-0 Qf6 13. Be2 0-0 14. Rc1 Rfe8 15. Qc2 a5 16. Rfd1 Qh6 17. g3 Qh5 18. Kg2 Qh3+ 19. Kg1 Nf6 20. Ne5 Bf5 21. Bd3 Bxe5 22. Bxf5 exf5 23. dxe5 Ng4 24. Qxf5 g6 25. Qf4 Qxh2+ 26. Kf1 Qh5 27. cxd5 Nxe5 28. Bxe5 Rxe5 29. dxc6 bxc6 30. Qd4 Rd5 31. Qa1 Qh3+ 32. Ke1 Rad8 33. Rxd5 Qh1+ 34. Ke2 Qxd5 35. Qc3 Qh5+ 36. Ke1 Qh1+ 37. Ke2 Qh5+ 38. Ke1 Qh1+ 39. Ke2 1/2-1/2

[Event "Provincial-ch Burjassot Preferente"]
[Site "Valencia"]
[Date "2011.11.05"]
[Round "4"]
[White "Davidovas Chananovas, Norman"]
[Black "Guerra Reig, Juan"]
[Result "0-1"]
[WhiteElo "1751"]
[BlackElo "2087"]
[PlyCount "80"]
[EventDate "2011.10.01"]
[EventType "swiss"]
[EventRounds "7"]
[EventCountry "ESP"]
[SourceTitle "EXT 2024"]
[Source "ChessBase"]
[SourceDate "2023.10.10"]
[SourceVersion "1"]
[SourceVersionDate "2023.10.10"]
[SourceQuality "1"]

1. e4 c6 2. d4 d5 3. Nc3 dxe4 4. Nxe4 Nd7 5. f4 Ngf6 6. Ng3 Nb6 7. Nf3 Bg4 8. Be2 e6 9. 0-0 Be7 10. a4 a5 11. c3 0-0 12. h3 Bxf3 13. Bxf3 Qc7 14. Ne4 Nbd5 15. Qe2 Rad8 16. Nxf6+ Bxf6 17. Be4 c5 18. dxc5 Qxc5+ 19. Kh1 g6 20. g4 Rd7 21. f5 exf5 22. gxf5 Bg7 23. fxg6 hxg6 24. Qg2 Ne3 25. Bxe3 Qxe3 26. Rae1 Qd2 27. Re2 Qh6 28. Ref2 b6 29. Bc2 Kh7 30. Bb3 f5 31. Bc2 Rfd8 32. Qf3 Rd2 33. Qg2 Rxf2 34. Rxf2 Qc1+ 35. Qg1 Qe3 36. Qf1 Re8 37. Kg2 Be5 38. Rf3 Qg5+ 39. Kh1 Bg3 40. Kg2 Bh4+ 0-1